Health, hope and heaing

Bibliographic Details
Main Author: TATE
Format: Book
Published: New York : M. Evans , 1989
Subjects:

MARC

LEADER 00000cam a2200000 7i4500
001 0000001290
005 20011208.0
020 0 0 |a 0871315947 
090 0 0 |a 362.196994   |b TAT 1989 
100 1 0 |a TATE   |h David A. 
245 1 0 |a Health, hope and heaing   |c David A. Tate 
260 0 0 |a New York :   |b M. Evans ,   |c 1989 
300 |a viii, 234 p. ;   |c 24 cm. 
500 0 0 |a "A survivor of cancer and heart attack tells how he used holistic techniques and a spiritual perspective as well as traditional mediine in his search for wellness" 
650 0 0 |a Coronary heart disease   |x Alternative treatment 
650 0 0 |a Hodgkin's disease   |x Alternative treatment 
650 0 0 |a Hodgkin's disease   |x Patients   |z United States   |x Biography 
650 0 0 |a Holistic medicine 
650 0 0 |a Tate, David A   |x Health 
998 |a JPSM 
999 |a 0000002823   |b Monograph   |c Open Shelf   |e Default branch